general knowledge (adult) - Statistics

General Stats
  • This quiz has been taken 6 times
  • The average score is 10 of 21
Answer Stats
Answer % Correct
how many moms and dads are allowed in a normal family 1
100%
how many hours are there in a big day 24
100%
whats my real name Harry
100%
are you allowed to eat nuts in november no
100%
good luck thanks
100%
who made veggietales God
67%
who invented rice God
67%
whos gonna win im a celeb ian
67%
what day begins with n none
67%
is j k rowling pretending that everyone in the harry potter series is not straight yes
67%
how old do u have to be to partake in this quiz 18 (stay away kids)
33%
Who won wimbeldon andy murry
33%
Who sang at my cousins bar mitzvah Jinny
33%
what is the cute animal mole rat
33%
which animal is peppa piggy
33%
what is another word for harry potter the youngster who lived
33%
how many polar bears are there 534
0%
whats the tastiest snack aubajean
0%
whos the most stunning disney princess olaf
0%
whats my favourite alvin and the chipmunks movie the squeakuel
0%
what is buzz lightyears sexuality we dont assume things here
0%
No matching quizzes found
Score Distribution
Percent of People with Each Score
Percentile by Number Answered
Your Score History
You have not taken this quiz